|
|
|
|
| LEADER |
01020nam a2200277 4500 |
| 001 |
42361 |
| 003 |
BD-DhAAL |
| 005 |
20250819115932.0 |
| 008 |
240320t1997 enk||||| |||| 001 0 eng d |
| 020 |
|
|
|a 0192800701
|
| 040 |
|
|
|a BD-DhAAL
|d BD-DhAAL
|
| 082 |
|
|
|a 082
|2 21
|
| 245 |
|
|
|a The concise oxford dictionary of quotations /
|c edited by Angela Partington.
|
| 246 |
|
|
|a Dictionary of quotations
|
| 250 |
|
|
|a Fourth edition.
|
| 264 |
|
|
|a Oxford [England] ;
|a New York :
|b Oxford University Press,
|c 1997.
|
| 300 |
|
|
|a v, 595 p. ;
|c 20 cm.
|
| 490 |
|
|
|a Oxford paperback reference
|
| 500 |
|
|
|a "Fourth edition"--Cover.
Includes index.
|
| 541 |
|
|
|a Donated by Akbar Ali Khan
|e 42361
|
| 650 |
|
|
|a Quotations.
|
| 700 |
|
|
|a Partington, Angela.
|9 56175
|
| 830 |
|
|
|a Oxford paperback reference.
|9 53325
|
| 942 |
|
|
|2 ddc
|c BK
|
| 999 |
|
|
|c 46476
|d 46476
|
| 952 |
|
|
|0 0
|1 0
|2 ddc
|4 0
|6 082_000000000000000_CON
|7 0
|9 75283
|a BRACUL
|b BRACUL
|c CS1
|d 2024-03-20
|e Donated by Akbar Ali Khan
|l 0
|o 082 CON
|p 3010042361
|r 2024-03-20
|t 1
|w 2024-03-20
|y BK
|